000 00857nam a2200217Ii 4500
003 JO-AjNU
008 230605s9999||||xx |||||||||||||| ||und||
017 _a2010/5546
020 _a978-977-6341-27-2
040 _aJO-AjNU
_bara
_erda
_cJO-AjNU
041 _aara
050 1 4 _aHF5655 2011
100 3 _aتأليف: راضي، محمد سامي,
_eauthor
_927619
245 0 0 _a محاسبة الأصول : النقدية، المدينون، أوراق القبض، المخزون، الأصول الثابتة بأنواعها، الاستثمارات بأنواعها
264 3 1 _aالاسكندرية:دار التعليم الجامعي؛2011
300 _a550ص
336 _atext
_btxt
_2rdacontent
337 _aunmediated
_bn
_2rdamedia
338 _avolume
_bnc
_2rdacarrier
650 4 _aالأصول الثابتة - محاسبة 
_927620
999 _aA10615
_c14183
_d14183